Statistics in Focus (Record no. 6147)

MARC details
000 -LEADER
fixed length control field 00577nas a22002057i 4500
001 - CONTROL NUMBER
control field 6585
003 - CONTROL NUMBER IDENTIFIER
control field OSt
005 - DATE AND TIME OF LATEST TRANSACTION
control field 20170126082357.0
007 - PHYSICAL DESCRIPTION FIXED FIELD--GENERAL INFORMATION
fixed length control field tu
008 - FIXED-LENGTH DATA ELEMENTS--GENERAL INFORMATION
fixed length control field 161220s xxu||||| |||| 00| 0 d
022 ## - INTERNATIONAL STANDARD SERIAL NUMBER
International Standard Serial Number 1024-4298
024 7# - OTHER STANDARD IDENTIFIER
Standard number or code 6585
Source of number or code RID
024 7# - OTHER STANDARD IDENTIFIER
Standard number or code 6585
Source of number or code RSN (alt)
040 ## - CATALOGING SOURCE
Transcribing agency OSt
110 2# - MAIN ENTRY--CORPORATE NAME
Corporate name or jurisdiction name as entry element European Communities
245 00 - TITLE STATEMENT
Title Statistics in Focus
Remainder of title Economy and Finance
260 ## - PUBLICATION, DISTRIBUTION, ETC.
Place of publication, distribution, etc. Luxembourg :
Name of publisher, distributor, etc. European Communities.
866 #0 - TEXTUAL HOLDINGS--BASIC BIBLIOGRAPHIC UNIT
-- laufender Jahrgang vorhanden (unvollständig)
866 #0 - TEXTUAL HOLDINGS--BASIC BIBLIOGRAPHIC UNIT
-- laufender Jahrgang vorhanden (unvollständig)<br><br>letztes Heft: 2004/37
942 ## - ADDED ENTRY ELEMENTS (KOHA)
Koha item type Journal
Holdings
Withdrawn status Lost status Damaged status Not for loan Home library Current library Shelving location Date acquired Inventory number Total Checkouts Barcode Date last seen Price effective from Koha item type
        WIIW WIIW Library 09/06/2004 6585   10002092 01/26/2017 01/26/2017 Journal
The Vienna Instiute for International Economic Studies (wiiw)